Religion Quiz

Random Religion or Art Quiz

Country by Religious Item Quiz Stats

 Plays Quiz Updated Dec 5, 2015

     
Support Sporcle.
Go Orange.
Score 0/20 Timer 08:00
2 Plays Today
% Correct
Egypt
99%
India
86.2%
Greece
85.1%
Mexico
78.5%
China
71.2%
Thailand
63.7%
Spain
62.9%
Peru
61.9%
Italy
61.7%
France
52.2%
% Correct
Ireland
50.9%
Iraq
50.8%
Sudan
38.6%
Honduras
37.5%
Nigeria
36.9%
Turkey
35.7%
Israel
35.1%
Japan
34.5%
United Kingdom
34%
Iran
28.9%

From the Vault

In 6 Languages: Olympic Sports

by markassonne

It's a trivia race with some linguistic hurdles.
Remove Ads.
Support Sporcle.
Get the best of Sporcle when you Go Orange. This ad-free experience offers more features, more stats, and more fun while also helping to support Sporcle. Thank you for becoming a member.

Show Comments

Extras

Top Quizzes Today


Score Distribution

Your Account Isn't Verified!

In order to create a playlist on Sporcle, you need to verify the email address you used during registration. Go to your Sporcle Settings to finish the process.

Report this User

Report this user for behavior that violates our Community Guidelines.

Details: